Представление документа в формате MARC21

Поле Инд. ПП Название Значение
Тип записи a
Библиографический уровень b
001 Контрольный номер 5a75d378d8f24893aa85c0e7e046dd0e
005 Дата корректировки 20211123102704.0
040 a Служба первич. каталог. РИНЦ
041 0_ a Код языка текста rus
097 a Ануфриева Г.Ю.
100 1_ a Автор Волков Д. А.
100 1_ q Полное имя Зарубина Мария Сергеевна
a Автор Зарубина М. С.
c Титул (звания) Преподаватель с и.о. заведующего кафедрой физического воспитания
i 100096350
k Кафедра физического воспитания; Общеобразовательные кафедры
j Принадлежность неизвестного автора к последователям, ученикам, сторонникам, школе и т. д. государственный университет "Дубна"
100 1_ q Полное имя Фесенко Роман Павлович
a Автор Фесенко Р. П.
u Дополнение Фесенко Р. П.
c Титул (звания) Преподаватель
i 100093016
k Кафедра физического воспитания; Общеобразовательные кафедры
j Принадлежность неизвестного автора к последователям, ученикам, сторонникам, школе и т. д. государственный университет "Дубна"
245 10 a Заглавие Особенности тактических взаимодействий в баскетболе 3x3
773 18 t Название источника Международный журнал. Устойчивое развитие: наука и практика
b Сведения об издании Университет "Дубна"
c Дубна
d Место и дата издания 2020
m Специф. данные ненулевой импакт-фактор
o Прочие индексы РИНЦ 0,016
x ISSN 2076-1163
g Прочая информация № S2 (26). - С. 88 - 91
w Контрольный № источника 8ad405b0ae724be48840ac958d57b728
856 40 u URL https://elibrary.ru/item.asp?id=44289027
901 t Тип документа b
952 c Вид литературы статья в журнале